[Event "Sharjah FIDE GP"]
[Site "Sharjah"]
[Date "2017.02.25"]
[Round "7"]
[White "Ding, Liren"]
[Black "Nakamura, Hikaru"]
[Result "1/2-1/2"]
[WhiteElo "2760"]
[BlackElo "2785"]
[Annotator "Yermolinsky,A"]
[PlyCount "55"]
[EventDate "2017.02.18"]
[EventType "swiss"]
[EventRounds "9"]
[EventCountry "UAE"]
[SourceTitle "CBM 177"]
[Source "ChessBase"]
[SourceDate "2017.03.16"]
[SourceVersion "1"]
[SourceVersionDate "2017.03.16"]
[SourceQuality "1"]

1. d4 Nf6 2. c4 e6 3. Nf3 d5 4. Nc3 Be7 5. Bf4 O-O 6. e3 c5 {An old Karpov
line.} ({Nakamura used to uphold Black's colours in the closed formation of the
} 6... Nbd7 7. c5 {line.}) 7. dxc5 Bxc5 8. a3 Nc6 9. Qc2 Qa5 10. Rd1 {The most
popular these days.} ({The last word hasn't been spoken yet on Kasparov's
favourite} 10. O-O-O) 10... Re8 ({Hikaru had a hard time defending a worse
endgame after} 10... Be7 11. Be2 Ne4 12. cxd5 Nxc3 13. Qxc3 Qxc3+ 14. bxc3 exd5
15. Rxd5 Bxa3 16. Nd4 Nxd4 17. exd4 {against Carlsen in the Sinquefield Cup,
2015.}) 11. Nd2 e5 12. Bg5 Nd4 $1 {First played in Game 21 of the
Korchnoi-Karpov World Championship Match in 1978.} 13. Qb1 $1 ({The knight
cannot be taken:} 13. exd4 exd4+ 14. Ne2 Ng4 {and Black wins.}) ({The panicky} 
13. Qa4 {led to a quick draw in Karjakin-Nakamura, Bilbao 2016:} Qxa4 14. Nxa4
Nc2+ 15. Ke2 Nd4+ 16. Ke1 (16. exd4 exd4+ 17. Kd3 Bf5+) 16... Nc2+ {etc.})
13... Bf5 14. Bd3 Bxd3 {This improvement came up a couple of years ago to
rehabilitate the entire line.} ({The stem game Korchnoi-Karpov game went} 14...
e4 15. Bc2 ({Possibly, even} 15. Bf1 $5 {can be tried. Facing a total collapse
of his position due to the threats to the Nd4, the Bc5 and the d5-pawn, Black
has no choice but to push forward. However, after} Ng4 16. cxd5 Ne5 {White has
a defence} 17. exd4 $1 Nf3+ 18. gxf3 exf3+ 19. Nde4 Bxe4 (19... Rxe4+ 20. Qxe4
Bxe4 21. dxc5 Re8 22. Bb5) 20. Qc1 Bxd5+ 21. Be3 {and the extra piece should
prevail.}) 15... Nxc2+ 16. Qxc2 Qa6 17. Bxf6 Qxf6 18. Nb3 Bd6 19. Rxd5 {
White emerged with a solid extra pawn, which Korchnoi successfully converted
into a win.}) 15. Qxd3 Ne4 16. Ncxe4 ({The American star of the 1980's GM
James Tarjan picked up this line after suffering a quick defeat as White (game
mentioned later), but his opponent, GM Lalith (Isle of Man, 2016) surprised
him with a new move,} 16. cxd5 Nxc3 ({The point is, Black loses a piece after} 
16... Nxg5 17. b4 Bxb4 18. axb4 Qxb4 19. h4 $1) 17. bxc3 Nb5 18. Ne4 Nd6 19.
Nxd6 Bxd6 20. e4 {and White retained something of an edge.}) ({But} 16. Ndxe4 {
is insufficient:} dxe4 17. Qxe4 Bxa3 $1 18. O-O Bxb2 19. Nd5 Ne2+ 20. Kh1 Nc3
21. Nxc3 Qxc3 22. Rd7 {although Babula-Sebenik, 2016 went 1-0.}) 16... dxe4 17.
Qxe4 Qb6 (17... Nb3 {leads nowhere after} 18. Qc2) 18. Rb1 (18. Qb1 {was seen
in Tarjan-Zumsande, 2015:} Ne6 19. Bh4 Bxe3 20. fxe3 Qxe3+ 21. Kf1 Qf4+ 22. Bf2
Rad8 {Black has massive compensation, and it took only one error from Tarjan
to lose the game:} 23. g3 Qh6 24. Ne4 Qh3+ 25. Kg1 $4 Nf4 $1) 18... h6 ({
The same player, unfortunately unknown to me, had another game worthy of
mention:} 18... f6 $1 19. O-O (19. b4 Bf8 20. Bh4 Rad8 {may improve on
Nakamura's idea of trapping the white bishop, e.g.} 21. Rb2 g5 22. Qg4 h5 23.
Qxh5 gxh4 24. exd4 exd4+ 25. Kd1 Qe6 $13) 19... Ne2+ 20. Kh1 fxg5 21. Qd3 Nf4
22. exf4 Rad8 23. Qc2 exf4 {Ruecker-Zumsande, Rilton Cup 2016-17, evaluation
<unclear>.}) 19. Bh4 g5 20. b4 Bf8 21. Bg3 Rad8 $1 {Now the threat of f5-f4
forces White's hand.} 22. exd4 exd4 23. Be5 Bg7 24. O-O ({The same result
would seem inevitable after} 24. Nf3 Bxe5 25. Nxe5 Qc7 {e.g.} 26. f4 gxf4 27.
O-O Qxe5 28. Qxf4 Qxf4 29. Rxf4 d3 30. Rd1 Re2 31. Rf3 d2 32. Rf2 Re1+ 33. Rf1
Re2 34. Rf2 $11) 24... Rxe5 25. Qd3 Qg6 $1 26. Rb3 g4 27. c5 b6 28. cxb6 (28.
Nc4 Re6 29. Qxg6 fxg6 30. Nb2 {is hardly worth bothering with.}) 1/2-1/2